| 000 | 00562 a2200169 4500 | ||
|---|---|---|---|
| 020 | _a0470042575 | ||
| 040 |
_aDLC _bDLC |
||
| 100 | 1 | _aWentworth, Stuart M. | |
| 245 | 1 | 0 |
_aApplied electromagnetics: early transmission lines approach _bearly transmission lines approach _cStuart M. Wentworth |
| 260 |
_aHoboken, NJ : _bJohn Wiley, _c2007. |
||
| 300 |
_axvi, 656 p. : _bill. ; _c24 cm. |
||
| 500 | _aIncludes index. | ||
| 650 | 0 | _aElectromagnetism | |
| 650 | 0 | _aElectrical engineering | |
| 650 | 0 |
_aElectric lines _xMathematical models |
|
| 942 |
_cBK _k621.3 WEN _2ddc |
||
| 999 |
_c9792 _d9792 |
||